00522cam a2200193 a 4500001000800000005001700008008004100025010001700066020001500083040003000098041000800128043002100136080001700157082002100174100000700195101000800202245006700210504005100277156229320180221044802.0921223s1993 nhu b 001 0 eng  a 92047034  a0435087886 aDLCcDLCdDLCdOCoLCdDLC aeng an-us---an-us-il a371.102 ste00a371.102 ste2201 a48 aedu10aBest practice :cSteven Zemelman, Harvey Daniels, Arthur Hyde. aIncludes bibliographical references and index.